<?xml version="1.0" encoding="utf-8"?>
<?xml-stylesheet type='text/xsl' href='./oai2.xsl'?>
<OAI-PMH xmlns="http://www.openarchives.org/OAI/2.0/" xmlns:xsi="http://www.w3.org/2001/XMLSchema-instance" xsi:schemaLocation="http://www.openarchives.org/OAI/2.0/ http://www.openarchives.org/OAI/2.0/OAI-PMH.xsd">
  <responseDate>2026-04-29T05:34:38Z</responseDate>
  <request verb="GetRecord" metadataPrefix="marcxml" identifier="isil_DE-MUS-071012_13891">https://kulturerbe.niedersachsen.de/oai</request>
  <GetRecord>
    <record>
      <header>
        <identifier>isil_DE-MUS-071012_13891</identifier>
        <datestamp>2015-11-03T05:32:06Z</datestamp>
        <setSpec>slg0157</setSpec>
      </header>
      <metadata>
        <marc:record xmlns:marc="http://www.loc.gov/MARC21/slim" xsi:schemaLocation="http://www.loc.gov/MARC21/slim http://www.loc.gov/standards/marcxml/schema/MARC21slim.xsd">
          <marc:leader>12345nrm  22     uu 4500</marc:leader>
          <marc:controlfield tag="001">2457</marc:controlfield>
          <marc:controlfield tag="005">2015-07-27T11:41:00</marc:controlfield>
          <marc:controlfield tag="008">|           ||||||||||||||||||||||</marc:controlfield>
          <marc:datafield tag="245" ind1="1" ind2="0">
            <marc:subfield code="a">Kranenkanne</marc:subfield>
          </marc:datafield>
          <marc:datafield tag="655" ind1=" " ind2="7">
            <marc:subfield code="a">Alltagskultur</marc:subfield>
          </marc:datafield>
          <marc:datafield tag="046" ind1=" " ind2=" ">
            <marc:subfield code="k">1770</marc:subfield>
            <marc:subfield code="k">zweite Hälfte 18. Jahrhundert</marc:subfield>
            <marc:subfield code="l">1790</marc:subfield>
          </marc:datafield>
          <marc:datafield tag="260" ind1=" " ind2=" ">
            <marc:subfield code="g">1770</marc:subfield>
            <marc:subfield code="g">1790</marc:subfield>
            <marc:subfield code="g">zweite Hälfte 18. Jahrhundert</marc:subfield>
          </marc:datafield>
          <marc:datafield tag="300" ind1=" " ind2=" ">
            <marc:subfield code="a">Höhe: 39 cm
Breite: 23 cm (Henkel)</marc:subfield>
          </marc:datafield>
          <marc:datafield tag="520" ind1=" " ind2=" ">
            <marc:subfield code="a">Kranenkanne. Dreibeinig mit zwei Henkeln, drei Kranen mit aufgesetzten Hähnen (Vogel); birnenförmig, Abschluss zum Corpus durch einen Maskaron, aus zwei Teilen zusammengelöteter Gefäßkörper; drei geschweifte und angelötete Beine ohne Holzaufsatz; drei angelötete Krane aus Messing mit Kranschlüssel in Hahnform, ebenfalls Messing, zwei seitlich angebrachte geschweifte ohrenförmige, angelötete Henkel mit Daumenruhe; hochgebuckelter Deckel, zweifach profiliert, mit Holzknauf in Eichelform. Qualitäts-/Meistermarke: wahrscheinlich gekrönte Rose, daneben Engelsmarke im Gefäßboden innen. Geschaffen von Johann Heinrich Tiarks (1733-1834). Besitzerinitalen: "H.K." außen eingestanzt.

Hersteller: 
Tiarks, Johann Hinrich I (1723-1804)</marc:subfield>
          </marc:datafield>
          <marc:datafield tag="773" ind1="0" ind2=" ">
            <marc:subfield code="t">Objekte für Gebrauch und Zier - Zinnobjekte</marc:subfield>
          </marc:datafield>
          <marc:datafield tag="852" ind1=" " ind2=" ">
            <marc:subfield code="a">Schlossmuseum Jever</marc:subfield>
          </marc:datafield>
          <marc:datafield tag="852" ind1=" " ind2=" ">
            <marc:subfield code="a">Jever, Wangerstraße 12</marc:subfield>
          </marc:datafield>
          <marc:datafield tag="" ind1=" " ind2=" ">
            <marc:subfield code="a">Rechte vorbehalten – Freier Zugang</marc:subfield>
          </marc:datafield>
        </marc:record>
      </metadata>
    </record>
  </GetRecord>
</OAI-PMH>
